| Tag |
First Indicator |
Second Indicator |
Subfields |
| LEADER |
00000cam a2200000 4500 |
| 001 |
in00000186621 |
| 005 |
20151009053634.0 |
| 008 |
750326s1971 nyu b 00110 eng |
| 010 |
|
|
|a 77132495
|
| 035 |
|
|
|a (OCoLC)01239106
|
| 035 |
|
|
|9 AAW5284AM
|
| 040 |
|
|
|a DLC
|c DLC
|d TXA
|d UtOrBLW
|
| 049 |
|
|
|a TXAM
|c [1204176]
|
| 050 |
0 |
0 |
|a MT95
|b .C77
|
| 082 |
0 |
|
|a 782.13
|
| 100 |
1 |
|
|a Cross, Milton,
|d 1897-1975.
|
| 245 |
1 |
0 |
|a More stories of the great operas /
|c [by] Milton Cross and Karl Kohrs.
|
| 250 |
|
|
|a [1st ed.].
|
| 264 |
|
1 |
|a Garden City, N.Y. :
|b Doubleday,
|c 1971.
|
| 300 |
|
|
|a ix, 752 pages ;
|c 22 cm.
|
| 336 |
|
|
|a text
|b txt
|2 rdacontent
|
| 337 |
|
|
|a unmediated
|b n
|2 rdamedia
|
| 338 |
|
|
|a volume
|b nc
|2 rdacarrier
|
| 504 |
|
|
|a Bibliography: pages [707]-709.
|
| 500 |
|
|
|a Includes index.
|
| 650 |
|
0 |
|a Operas
|v Stories, plots, etc.
|
| 700 |
1 |
|
|a Kohrs, Karl.
|
| 999 |
|
|
|a MARS
|
| 999 |
f |
f |
|s a80f8551-7a99-3200-9526-5999982cd2a4
|i 929ef3fe-3367-3c69-9de7-cb87efde150e
|t 0
|
| 952 |
f |
f |
|p ric
|a Texas A&M University
|b Rellis Campus
|c Joint Library Facility
|d Remote Storage
|t 0
|e MT95 .C77
|h Library of Congress classification
|i unmediated -- volume
|m A14803371627
|
| 952 |
f |
f |
|p storage
|a Texas A&M University
|b J.J. Pickle Campus
|c High Density Repository
|d Remote Storage
|t 0
|e MT95 .C77
|h Library of Congress classification
|i unmediated -- volume
|m A14823693049
|
| 998 |
f |
f |
|a MT95 .C77
|t 0
|l Remote Storage
|
| 998 |
f |
f |
|a MT95 .C77
|t 0
|l Remote Storage
|